LIBRARY & INFORMATION CENTRE, KCAET, TAVANUR

ONLINE PUBLIC ACCESS CATALOGUE (OPAC)

Public finance / (Record no. 11897)

MARC details
000 -LEADER
fixed length control field 00415cam a2200169ua 4500
041 ## - LANGUAGE CODE
Language code of text/sound track or separate title eng
082 ## - DEWEY DECIMAL CLASSIFICATION NUMBER
Classification number 336
Item number HIC/PU
100 ## - MAIN ENTRY--AUTHOR NAME
Personal name Hicks, Ursula K.
245 ## - TITLE STATEMENT
Title Public finance /
260 ## - PUBLICATION, DISTRIBUTION, ETC. (IMPRINT)
Place of publication Cambridge :
Name of publisher Cambridge University Press ,
Year of publication 1959.
300 ## - PHYSICAL DESCRIPTION
Number of Pages 358 ;
Accompanying material `.
942 ## - ADDED ENTRY ELEMENTS (KOHA)
Koha item type Books
Holdings
Withdrawn status Lost status Damaged status Home library Current library Date acquired Cost, normal purchase price Full call number Accession Number Koha item type
Withdrawn     KAUAET KAUAET 07/04/2012 3.00 336 2644 Books
free website counter